Телеграммы о террористических покушениях и убийствах советских работников и гибели командиров Красной Армии на фронтах

RUSMARC
00004737cac2a2200253#x 450
001954a7ca3-56e4-49ac-8505-6f189c61080a
00520181126170134.0
100##$a20150508l19181918k y0rusy50 ca
1010#$arus
102##$aRU
105##$ay z |||||
1222#$ad19180402
$ad19181109
2001#$aТелеграммы о террористических покушениях и убийствах советских работников и гибели командиров Красной Армии на фронтах
$j2 апреля - 9 ноября 1918
215##$a22 листа
251##$cДело
300##$aМашинописные документы
330##$aВходит в раздел описи: V. Бюро телеграмм. 5. Контрреволюция и политическое положение на местах
461#0$1001ad6baeac-e292-4829-90d1-2f4f65796a62
$12001
$aСОВЕТ НАРОДНЫХ КОМИССАРОВ РСФСР (СНК РСФСР)
$1251
$cФонд
$1852
$gР
$j130
462#0$10017a221a17-99d6-4232-84bc-2738cda87272
$12001
$a1913-1919 гг.
$vД. 647
$1251
$cОпись
$1852
$j2
801#0$aRU
$bGA_RF
801#1$aRU
$bНПО Опыт
$c20150508
$2rusmarc
801#2$aRU
$bПБ им. Б.Н. Ельцина
$c20150709
$gRCR
$2rusmarc
852##$aГА РФ
$j647
937##$d52052846
$hПБ
035##$aRuPRLIB51030831
605##$2acquisition_Prlib
$3DITM\AF\0000003834
$aНарод
$lколлекция
605##$aВласть
$lколлекция
$2acquisition_Prlib
$3DITM\AF\0000002775
605##$a1918: становление советской государственности
$lколлекция
$2acquisition_Prlib
$3LIBNET\UAF\0000071015
6061#$2nlr_sh
$3RU\NLR\AUTH\661329092
$aГражданская война и военная интервенция в России
$jДокументы и материалы
$z1918 - 1920
6061#$2nlr_sh
$3RU\NLR\AUTH\661402587
$aБелый террор
$jДокументы и материалы
$yРоссия
$z1918 - 1922
686##$2rubbk
$a63.3(2)612ю1
$vLBC/M
Формат отображения